000
00249nam a2200097Ia 4500
001
676623
005
20250826161003.0
008
250824s9999 xx 000 0 und d
245
0
_a
KUYUDAKİ ÇOCUK
_c
AHMET YILMAZ BOYUNAĞA
260
_b
TİMAŞ YAYINLARI
999
_c
676623
_d
676623